<?xml version="1.0" encoding="UTF-8"?>
<record
    xmlns:xsi="http://www.w3.org/2001/XMLSchema-instance"
    xsi:schemaLocation="http://www.loc.gov/MARC21/slim http://www.loc.gov/standards/marcxml/schema/MARC21slim.xsd"
    xmlns="http://www.loc.gov/MARC21/slim">

  <leader>01037nam0a22002771  4500</leader>
  <controlfield tag="001">rc\149421</controlfield>
  <controlfield tag="005">20250620210415.0</controlfield>
  <datafield tag="010" ind1=" " ind2=" ">
    <subfield code="a">5-85912-003-6</subfield>
    <subfield code="9">200000</subfield>
  </datafield>
  <datafield tag="035" ind1=" " ind2=" ">
    <subfield code="a">(NLR Aleph) 005418126</subfield>
  </datafield>
  <datafield tag="090" ind1=" " ind2=" ">
    <subfield code="a">7445763</subfield>
    <subfield code="c">7445763</subfield>
  </datafield>
  <datafield tag="100" ind1=" " ind2=" ">
    <subfield code="a">20030307d1991    |||y0rusy50      ca</subfield>
  </datafield>
  <datafield tag="101" ind1="0" ind2=" ">
    <subfield code="a">rus</subfield>
  </datafield>
  <datafield tag="102" ind1=" " ind2=" ">
    <subfield code="a">RU</subfield>
  </datafield>
  <datafield tag="105" ind1=" " ind2=" ">
    <subfield code="a">y   |||||||||</subfield>
  </datafield>
  <datafield tag="200" ind1="1" ind2=" ">
    <subfield code="a">&#x414;&#x43E;&#x440;&#x43E;&#x433;&#x430; &#x43D;&#x430; &#x421;&#x435;&#x432;&#x435;&#x440;</subfield>
    <subfield code="e">[&#x411;&#x435;&#x441;&#x442;&#x441;&#x435;&#x43B;&#x43B;&#x435;&#x440; &#x43A;&#x43E;&#x440;&#x43E;&#x43B;&#x44F; &#x432;&#x435;&#x441;&#x442;&#x435;&#x440;&#x43D;&#x43E;&#x432;</subfield>
    <subfield code="e">&#x41F;&#x435;&#x440;. &#x441; &#x430;&#x43D;&#x433;&#x43B;.]</subfield>
    <subfield code="f">&#x41B;&#x44E;&#x438;&#x441; &#x41B;&#x44F;&#x43C;&#x443;&#x440;</subfield>
  </datafield>
  <datafield tag="210" ind1=" " ind2=" ">
    <subfield code="a">&#x41C;.</subfield>
    <subfield code="c">&#x417;&#x43C;&#x435;&#x439; &#x413;&#x43E;&#x440;&#x44B;&#x43D;&#x44B;&#x447;</subfield>
    <subfield code="c">&#x412;&#x43D;&#x435;&#x448;&#x442;&#x43E;&#x440;&#x433;&#x438;&#x437;&#x434;&#x430;&#x442;</subfield>
    <subfield code="d">1991</subfield>
  </datafield>
  <datafield tag="215" ind1=" " ind2=" ">
    <subfield code="a">174, [2] &#x441;.</subfield>
    <subfield code="d">20</subfield>
  </datafield>
  <datafield tag="327" ind1="1" ind2=" ">
    <subfield code="a">&#x421;&#x43E;&#x434;&#x435;&#x440;&#x436;.: &#x414;&#x43E;&#x440;&#x43E;&#x433;&#x430; &#x43D;&#x430; &#x421;&#x435;&#x432;&#x435;&#x440;; &#x412;&#x435;&#x440;&#x445;&#x43E;&#x43C; &#x43F;&#x43E; &#x442;&#x435;&#x43C;&#x43D;&#x43E;&#x439; &#x442;&#x440;&#x43E;&#x43F;&#x435;</subfield>
  </datafield>
  <datafield tag="464" ind1=" " ind2="0">
    <subfield code="1">2001#$a&#x414;&#x43E;&#x440;&#x43E;&#x433;&#x430; &#x43D;&#x430; &#x421;&#x435;&#x432;&#x435;&#x440;</subfield>
    <subfield code="t">&#x414;&#x43E;&#x440;&#x43E;&#x433;&#x430; &#x43D;&#x430; &#x421;&#x435;&#x432;&#x435;&#x440;</subfield>
  </datafield>
  <datafield tag="464" ind1=" " ind2="0">
    <subfield code="1">2001#$a&#x412;&#x435;&#x440;&#x445;&#x43E;&#x43C; &#x43F;&#x43E; &#x442;&#x435;&#x43C;&#x43D;&#x43E;&#x439; &#x442;&#x440;&#x43E;&#x43F;&#x435;</subfield>
    <subfield code="t">&#x412;&#x435;&#x440;&#x445;&#x43E;&#x43C; &#x43F;&#x43E; &#x442;&#x435;&#x43C;&#x43D;&#x43E;&#x439; &#x442;&#x440;&#x43E;&#x43F;&#x435;</subfield>
  </datafield>
  <datafield tag="700" ind1=" " ind2="1">
    <subfield code="a">&#x41B;&#x44F;&#x43C;&#x443;&#x440;</subfield>
    <subfield code="b">&#x41B;.</subfield>
    <subfield code="g">&#x41B;&#x44E;&#x438;&#x441;</subfield>
  </datafield>
  <datafield tag="801" ind1=" " ind2="0">
    <subfield code="a">RU</subfield>
    <subfield code="b">NLR</subfield>
    <subfield code="g">psbo</subfield>
  </datafield>
  <datafield tag="801" ind1=" " ind2="1">
    <subfield code="a">RU</subfield>
    <subfield code="b">ELAR</subfield>
    <subfield code="2">rusmarc</subfield>
  </datafield>
  <datafield tag="852" ind1=" " ind2=" ">
    <subfield code="a">NLR</subfield>
    <subfield code="j">91-3/7384</subfield>
  </datafield>
  <datafield tag="942" ind1=" " ind2=" ">
    <subfield code="c">BOOK</subfield>
  </datafield>
  <datafield tag="980" ind1=" " ind2=" ">
    <subfield code="a">NB</subfield>
  </datafield>
  <datafield tag="995" ind1=" " ind2=" ">
    <subfield code="5">2013-10-26</subfield>
    <subfield code="b">NLR01</subfield>
    <subfield code="c">NLR01</subfield>
    <subfield code="e">RF9</subfield>
    <subfield code="f">5418126-10</subfield>
    <subfield code="k">91-3/7384</subfield>
    <subfield code="o">0</subfield>
    <subfield code="r">BOOK</subfield>
    <subfield code="s">9137384_</subfield>
  </datafield>
</record>
